| 000 | 00785nam a2200253Ia 4500 | ||
|---|---|---|---|
| 003 | OSt | ||
| 005 | 20221005092007.0 | ||
| 006 | a|||||r|||| 00| 0 | ||
| 007 | ta | ||
| 008 | 221004b |||||||| |||| 00| 0 eng d | ||
| 020 |
_a1841695424 _c1289.43 |
||
| 024 | _a86201 | ||
| 037 |
_b83305, 03/09/2007, International Book Distributors _cTextual |
||
| 040 |
_aCRL _cCRL _beng |
||
| 041 |
_2eng _aeng |
||
| 082 | _aS:f, P5 | ||
| 100 |
_aEvans Jonathan St B. T. _9616767 |
||
| 245 | 0 |
_aHow to do research _b A psychologist's guide |
|
| 260 |
_aNew York _bPsychology Press _c2005 |
||
| 300 |
_a126p. _ccm. |
||
| 650 | _aPSYCHOLOGY | ||
| 942 |
_hS:f, P5 _cTEXL _2cc |
||
| 999 |
_c998109 _d998109 |
||